Statistics for Countries, US States, Capitals, Elements, 100 Most Common Words: by Repeated 2-Letters Block

Click here to take the quiz!

General Stats

  • This quiz has been taken 272 times
  • The average score is 20 of 44

Answer Stats

2-letters block# answersANSWER% Correct
SS1Mississippi
87%
AA1Ulaanbaatar
86%
AN7Afghanistan, Antigua and Barbuda, Bandar Seri Begawan, Lanthanum, Manganese, Tanzania, ???
84%
LJ1Ljubljana
84%
FU1Funafuti
79%
AB2Abu Dhabi, Addis Ababa
75%
BA3Addis Ababa, Barbados, Mbabane
75%
OU (3 times)1Ouagadougou
74%
OU2Yamoussoukro, ???
74%
DO1Dodoma
71%
CA1Caracas
68%
EI1Einsteinium
68%
SI1Mississippi
66%
IS1Mississippi
64%
AN (3 times)1Antananarivo
63%
MA1Manama
63%
NA1Antananarivo
60%
BU1Bujumbura
60%
PH1Phosphorus
55%
LU1Honolulu
53%
AM1Amsterdam
50%
IC3Central African Republic, Democratic Republic of the Congo, Dominican Republic
44%
IN2Einsteinium, ???
42%
NG1Pyongyang
41%
AR2Harare, Paramaribo
36%
GE2Georgetown, Saint George's
35%
TA2Tajikistan, Tantalum
34%
ED1Federated States of Micronesia
30%
NT1Saint Vincent and the Grenadines
30%
TE4Federated States of Micronesia, Liechtenstein, United Arab Emirates, United States
28%
IN (3 times)1Saint Vincent and the Grenadines
25%
HO1Phosphorus
24%
ON1London
23%
EN3Copenhagen, Roentgenium, Saint Vincent and the Grenadines
22%
AT1Federated States of Micronesia
21%
SA1San Salvador
21%
ES2Des Moines, Federated States of Micronesia
20%
OR2North Korea, Port Moresby
19%
UM1Aluminium
18%
CO1Concord
17%
LA1Andorra la Vella
16%
IT1Kuwait City
11%
RA1United Arab Emirates
11%
NE1Papua New Guinea
3%

Score Distribution

Percentile by Number Answered

Percent of People with Each Score

Your Score History

You have not taken this quiz